El discurso interrumpido / (Record no. 61450)

MARC details
000 -LEADER
campo de control de longitud fija 01071nam a2200277 i 4500
001 - NÚMERO DE CONTROL
campo de control 61450
003 - IDENTIFICADOR DE NÚMERO DE CONTROL
campo de control ES-MaACL
005 - FECHA Y HORA DE LA ÚLTIMA TRANSACCIÓN
campo de control 20250731034205.0
007 - CAMPO FIJO DE DESCRIPCIÓN FÍSICA--INFORMACIÓN GENERAL
campo de control de longitud fija t|
008 - DATOS DE LONGITUD FIJA--INFORMACIÓN GENERAL
campo de control de longitud fija 031112s1977 sp |||| |dspa d
020 ## - NÚMERO INTERNACIONAL ESTÁNDAR DEL LIBRO
Número Internacional Estándar del Libro 84-7339-242-6
100 1# - ENTRADA PRINCIPAL--NOMBRE DE PERSONA
Nombre de persona Fabra Barreiro, Gustavo,
Fechas asociadas al nombre 1945-1975
9 (RLIN) 48526
245 13 - MENCIÓN DEL TÍTULO
Título El discurso interrumpido /
Mención de responsabilidad, etc. Gustavo Fabra Barreiro ; edición al cuidado de Mauro Armiño.
260 ## - PUBLICACIÓN, DISTRIBUCIÓN, ETC.
Lugar de publicación, distribución, etc. [Madrid] :
Nombre del editor, distribuidor, etc. Akal,
Fecha de publicación, distribución, etc. [1977]
300 ## - DESCRIPCIÓN FÍSICA
Extensión 379 p. ;
Dimensiones 21 cm.
490 1# - MENCIÓN DE SERIE
Mención de serie Akal mensual ;
Designación de volumen o secuencia 12
505 8# - NOTA DE CONTENIDO CON FORMATO
Nota de contenido con formato Contiene: Dos artículos dedicados al Ateneo: "Por algo más que un nombre", p. [123]-125 y "Volver a ser", p. 126-128
610 24 - PUNTO DE ACCESO ADICIONAL DE MATERIA--NOMBRE DE ENTIDAD CORPORATIVA
Nombre de entidad corporativa o nombre de jurisdicción como elemento de entrada Ateneo de Madrid-
Subdivisión de forma Historia-
-- Relatos personales
9 (RLIN) 1926
650 ## - PUNTO DE ACCESO ADICIONAL DE MATERIA--TÉRMINO DE MATERIA
Término de materia o nombre geográfico como elemento de entrada Literatura-
Subdivisión general Historia y crítica.
9 (RLIN) 14489
700 0# - ENTRADA AGREGADA--NOMBRE PERSONAL
Nombre de persona Armiño, Mauro,
Fechas asociadas al nombre 1944-
9 (RLIN) 22987
830 0# - PUNTO DE ACCESO ADICIONAL DE SERIE-TÍTULO UNIFORME
Título uniforme Akal mensual ;
Designación de volumen o secuencia 12
9 (RLIN) 182398
852 ## - LOCALIZACIÓN
Ubicación ES-MaACL
Número de control de estantería A-6567
Encuadernación Ejemplar n. 1, de una ed. especial de 190 no venal, con la firma de Mauro Armiño
852 ## - LOCALIZACIÓN
Ubicación ES-MaACL
Número de control de estantería A-6736
942 ## - ELEMENTOS DE ENTRADA SECUNDARIOS (KOHA)
Fuente del sistema de clasificación o colocación Clasificación decimal universal
Holdings
Estatus retirado Estado de pérdida Estado de daño No para préstamo Colección Biblioteca de origen Biblioteca actual Ubicación en estantería Fecha de adquisición Fuente de adquisición Total de préstamos Signatura topográfica completa Código de barras Visto por última vez Precio de reemplazo Tipo de ítem Koha Fuente del sistema de clasificación o colocación Nota pública
        Fondo Ateneo de Madrid Biblioteca del Ateneo de Madrid Biblioteca del Ateneo de Madrid Sala Pecera Planta 1 17/01/2008     A-6736 1064435 23/02/2023 23/02/2023 Libro impreso    
        Libros con dedicatorias Biblioteca del Ateneo de Madrid Biblioteca del Ateneo de Madrid Sala Pecera Planta 1 17/01/2008     A-6567 1064434 23/02/2023 23/02/2023 Libro impreso Clasificación decimal universal Dedicatoria autógrafa del editor literario